| 000 | 00790nam a2200229 a 4500 | ||
|---|---|---|---|
| 005 | 20250430063759.0 | ||
| 008 | 070828s2004 mx r 000 0 spa d | ||
| 020 | _a8474267234 | ||
| 035 | _aUPN01000151559 | ||
| 049 | _aCG | ||
| 050 | 4 |
_aJX1952 _bP4.6 |
|
| 245 | 0 | 0 |
_aPensamiento pacifista / _bHenry D. Thoreau, León Tolstói, Ghandi Albert Einstein, Virginia Woolf, Hannah Arendt, Martin Luther King, E. P. Thompson / _cFrancisco Fernández Buey ... [et al.] ; ed. Enric Prat. |
| 260 |
_aBarcelona, Esp. : _bIcaria, _c[2004]. |
||
| 300 | _a156 p. | ||
| 440 | 0 |
_aAntrazyt ; _v205 |
|
| 440 | 0 | _aPaz y Conflictos | |
| 650 | 4 |
_aPACIFISMO _917456 |
|
| 650 | 2 |
_aPaz (Filosofía) _96988 |
|
| 700 | 1 |
_aFernández Buey, Francisco, _ecoaut. |
|
| 700 | 1 |
_aPrat, Enric, _eed. |
|
| 905 | _aLibro | ||
| 999 |
_c123695 _d123695 |
||